|
|
|
|
| LEADER |
01226nam a2200253 u 4500 |
| 001 |
10030309 |
| 003 |
upatras |
| 005 |
20240205092742.0 |
| 008 |
990930s1991 gr gre |
| 040 |
|
|
|a GR-PaULI
|c GR-PaULI
|
| 041 |
0 |
|
|a gre
|
| 082 |
0 |
4 |
|a 889.1
|
| 100 |
1 |
|
|a Καρούζος, Νίκος,
|d 1926-1990
|9 3154
|
| 245 |
1 |
0 |
|a Ευρέσεις απο κυανό κοβάλτιο
|c Νίκος Καρούζος
|
| 260 |
|
|
|a Αθήνα
|b Ίκαρος
|c 1991
|
| 300 |
|
|
|a 51 σ.
|c 25 εκ.
|
| 650 |
|
4 |
|a Νεοελληνική ποίηση
|9 2593
|
| 852 |
|
|
|a GR-PaULI
|b ΠΑΤΡΑ
|b ΒΚΠ
|b ΒΣ2
|k ΑΣΧΕ
|h 889.1 Κ
|m 059396
|p 025000078897
|t 2
|
| 852 |
|
|
|a GR-PaULI
|b ΠΑΤΡΑ
|b ΦΙΛΟΛΟΓΙΑ
|k ΑΣΧΕ
|h 889.1 Κ
|m 041090
|p 025000004160
|t 1
|
| 942 |
|
|
|2 ddc
|c BK15
|
| 952 |
|
|
|0 0
|1 0
|2 ddc
|4 0
|6 889_100000000000000_ΚΑΡ
|7 0
|9 199167
|a LISP
|b LISP
|c ALFh
|d 2016-04-24
|i 059396
|l 0
|o 889.1 ΚΑΡ
|p 025000078897
|r 2016-04-24 00:00:00
|t 2
|w 2016-04-24
|y BK15
|
| 952 |
|
|
|0 0
|1 0
|2 ddc
|4 0
|6 889_100000000000000_ΚΑΡ
|7 0
|9 199168
|a LISP
|b LISP
|c BSC
|d 2016-04-24
|i 041090
|l 0
|o 889.1 ΚΑΡ
|p 025000004160
|r 2016-04-24 00:00:00
|t 1
|w 2016-04-24
|y BK15
|x Μεταφορά Τμήματος Φιλολογίας
|
| 998 |
|
|
|c ΣΥΨΑ
|d 1999-09
|
| 999 |
|
|
|c 122207
|d 122207
|